000 00553nam a2200181Ia 4500
005 20250326123703.0
008 250326s9999 xx 000 0 und d
037 _aTextbook
040 _aFMSL
_beng
_cFMSL
041 _aeng
_2eng
084 _aX65:5.1 N1
_qFMSL
100 _aRazvigorova E
_9735803
245 0 _aEast-West joint ventures: new business environment
_cRazvigorova E; Wolf-laudon G
260 _aUnited Kingdom
_bUnited Kingdom, Blackwell
_c1991
300 _a327p
942 _cTB
_hX65:5.1 N1
999 _c1270500
_d1270500